|
|
|
|
| LEADER |
01340nam a2200409 a 4500 |
| 001 |
000473399 |
| 003 |
CZ BrMZK |
| 005 |
20190314132047.0 |
| 007 |
ta |
| 008 |
000115s2000 xr g fbcze d |
| 015 |
|
|
|a cnb000885000
|
| 020 |
|
|
|a 80-86355-11-X
|
| 040 |
|
|
|a BOA001
|b cze
|
| 043 |
|
|
|a e-xr---
|
| 045 |
|
|
|a t8u1
|
| 072 |
|
7 |
|a 821.162.3-3
|x Česká próza
|2 Konspekt
|9 25
|
| 072 |
|
7 |
|a 929
|x Biografie
|2 Konspekt
|9 8
|
| 080 |
|
|
|a 821.162.3-31
|2 MRF
|
| 080 |
|
|
|a 821.111-1-051
|2 MRF
|
| 080 |
|
|
|a 82-055.2
|2 MRF
|
| 080 |
|
|
|a 929
|2 MRF
|
| 080 |
|
|
|a (437.3)
|2 MRF
|
| 080 |
|
|
|a (0:82-312.6)
|2 MRF
|
| 100 |
1 |
|
|a Adlová, Věra,
|d 1919-1999
|7 jk01010127
|4 aut
|
| 245 |
1 |
0 |
|a Vestonie /
|c Věra Adlová.
|
| 260 |
|
|
|a [Praha] :
|b Otakar II.,
|c c2000
|
| 300 |
|
|
|a 250 s. ;
|c 21 cm
|
| 600 |
0 |
7 |
|a Vestonia,
|d 1582-1612
|7 jn20000720316
|2 czenas
|
| 648 |
|
4 |
|a 1582-1612
|
| 648 |
|
7 |
|a 16.-17. století
|7 ch757028
|2 czenas
|
| 650 |
0 |
7 |
|a anglicky píšící básníci
|7 ph117175
|y 16.-17. století
|2 czenas
|
| 650 |
0 |
7 |
|a ženy v literatuře
|7 ph127972
|z Česko
|y 16.-17. století
|2 czenas
|
| 655 |
|
7 |
|a české romány
|7 fd133974
|2 czenas
|
| 655 |
|
7 |
|a biografické romány
|7 fd131905
|2 czenas
|
| 910 |
|
|
|a BOA001
|b 2-1071.986
|
| 990 |
|
|
|a BK
|
| 996 |
6 |
|
|b 2610113405
|c 2-1071.986
|l MZK
|r Sklad / do 1 hodiny
|n 2
|p p.v.
|w 000473399
|u 000010
|a 1
|e BOA001
|j MZK50
|s P
|